Mythical Pokemon - Statistics

General Stats
  • This quiz has been taken 40 times
    12 since last reset
  • The average score is 18 of 24
Answer Stats
Region Type Answer % Correct
Johto Grass/Psychic Celebi
100%
Sinnoh Dark Darkrai
100%
Kanto Psychic Mew
100%
Sinnoh All Arceus
88%
Unova Bug/Steel Genesect
88%
Hoenn Psychic/Steel Jirachi
88%
Unova Water/Fighting Keldeo
88%
Sinnoh Water Manaphy
88%
Sinnoh Grass or Grass/Flying Shaymin
88%
Unova Fire/Psychic Victini
88%
Hoenn Psychic Deoxys
75%
Alola Steel/Fairy Magearna
75%
Alola Ghost/Fighting Marshadow
75%
Unova Normal/Psychic or Normal/Fighting Meloetta
75%
Sinnoh Water Phione
75%
Galar Grass Zarude
75%
Sinnoh Psychic Cresselia
63%
Kalos Rock/Fairy Diancie
63%
Kalos Psychic/Ghost or Psychic/Dark Hoopa
63%
??? Steel Melmetal
63%
Kalos Water/Fire Volcanion
63%
Alola Electrice Zeraora
63%
??? Steel Meltan
50%
Paldea Poison/Ghost Pecharunt
50%
No matching quizzes found
Score Distribution
Percent of People with Each Score
Percentile by Number Answered
Your Score History
You have not taken this quiz since the last reset